THE PROFESSIONAL WAITER (Record no. 8054)
[ view plain ]
| 000 -LEADER | |
|---|---|
| fixed length control field | 00333nam a22001577a 4500 |
| 020 ## - INTERNATIONAL STANDARD BOOK NUMBER | |
| International Standard Book Number | 81-921297-2-1 |
| 082 ## - DEWEY DECIMAL CLASSIFICATION NUMBER | |
| Classification number | 642 |
| Item number | SHA |
| 100 ## - MAIN ENTRY--PERSONAL NAME | |
| Personal name | SHARMA, SUMAN |
| 245 ## - TITLE STATEMENT | |
| Title | THE PROFESSIONAL WAITER |
| 250 ## - EDITION STATEMENT | |
| Edition statement | 1ST |
| 260 ## - PUBLICATION, DISTRIBUTION, ETC. (IMPRINT) | |
| Place of publication, distribution, etc | DELHI |
| Name of publisher, distributor, etc | NAMAN |
| Year of Publication | 2012 |
| 300 ## - PAGE DESCRIPTION | |
| No. of Pages | 224 |
| 650 ## - SUBJECT ADDED ENTRY--TOPICAL TERM | |
| Topical term or geographic name as entry element | HOTEL MANAGEMENT |
| 653 ## - KEYWORDS--INDEX TERM | |
| Keyword term | WAITER |
| 942 ## - ADDED ENTRY ELEMENTS (KOHA) | |
| Source of classification or shelving scheme | Dewey Decimal Classification |
| Koha item type | Books |
| Withdrawn status | Lost status | Source of classification or shelving scheme | Damaged status | Not for loan | Collection code | Home library | Current library | Shelving location | Date acquired | Vendor Name | Cost, normal purchase price | SGTU | Bill Number | Total Checkouts | Full call number | Accession No. (Barcode) | Date last seen | Date last borrowed | Bill Date | Koha item type |
|---|---|---|---|---|---|---|---|---|---|---|---|---|---|---|---|---|---|---|---|---|
| Dewey Decimal Classification | HOTEL MANAGEMENT | SGT Science & Social Sciences Library | SGT Science & Social Sciences Library | Text Book | 10/10/2015 | JINDAL BOOK SERVICE | 380.00 | SGTU | 1775 | 2 | 642 SHA | HM451 | 18/02/2019 | 04/02/2019 | 07/09/2015 | Books | ||||
| Dewey Decimal Classification | HOTEL MANAGEMENT | SGT Science & Social Sciences Library | SGT Science & Social Sciences Library | Text Book | 10/10/2015 | JINDAL BOOK SERVICE | 380.00 | SGTU | 1775 | 642 SHA | HM452 | 10/10/2015 | 07/09/2015 | Books | ||||||
| Dewey Decimal Classification | HOTEL MANAGEMENT | SGT Science & Social Sciences Library | SGT Science & Social Sciences Library | Text Book | 10/10/2015 | JINDAL BOOK SERVICE | 380.00 | SGTU | 1775 | 642 SHA | HM453 | 10/10/2015 | 07/09/2015 | Books | ||||||
| Dewey Decimal Classification | HOTEL MANAGEMENT | SGT Science & Social Sciences Library | SGT Science & Social Sciences Library | Text Book | 10/10/2015 | JINDAL BOOK SERVICE | 380.00 | SGTU | 1775 | 642 SHA | HM454 | 10/10/2015 | 07/09/2015 | Books | ||||||
| Dewey Decimal Classification | HOTEL MANAGEMENT | SGT Science & Social Sciences Library | SGT Science & Social Sciences Library | Text Book | 10/10/2015 | JINDAL BOOK SERVICE | 380.00 | SGTU | 1775 | 642 SHA | HM455 | 10/10/2015 | 07/09/2015 | Books |